000 00716na a2200229 4500
001 19800
003 MIRAKIL
005 20181213154930.0
008 161227b tu 000 0
020 _a9757968102
040 _aMilas
_btur
_cTR-AnCHP
041 _aeng
082 _a338.642
_bI52 1999
090 _a338.642 I52 1999
245 _aIndustirial Zones and cooperatives as instruments to support SMEs
_cEdited by Konrad Adenauer Foundation
260 _aAnkara
_bKonrad Adenauer Foundation
_c1999
300 _a103 s.
_bres.
_c22 sm.
650 _aEkonomi
_xİşletmeler
_yBüyüme ve gelişme
650 _aEkonomi
_xEntüstriyel gelişmeler
710 _aKonrad Adenauer Foundation
942 _2ddc
_cBKS
999 _c3384
_d3384